| 000 | 00519nam a2200181Ia 4500 | ||
|---|---|---|---|
| 999 |
_c37238 _d37238 |
||
| 003 | OSt | ||
| 005 | 20200811122441.0 | ||
| 008 | 190216s9999||||xx |||||||||||||| ||und|| | ||
| 020 | _a9788130910550 | ||
| 040 | _coclc | ||
| 082 |
_a519.5 _bFRE/S |
||
| 100 |
_aFreedman, David _94044 |
||
| 245 | 0 |
_aStatistics / _cDavid Freedman ; Robert Pisani ; Roger Purves |
|
| 250 | _a4th Ed. | ||
| 260 |
_bViva Books, _aNew Delhi: _c2009. |
||
| 300 | _a697p | ||
| 942 |
_cBK _2ddc _h519.5 _iFRE/S _k519.5 _mFRE/S |
||